| 000 | 01516nam a2200373 a 4500 | ||
|---|---|---|---|
| 001 | ebr10675193 | ||
| 003 | CaPaEBR | ||
| 006 | m u | ||
| 007 | cr cn||||||||| | ||
| 008 | 100412s2010 nyua sb 001 0 eng d | ||
| 010 | _z 2010015632 | ||
| 020 | _z9781617281075 | ||
| 020 | _z9781617283369 (e-book) | ||
| 040 |
_aCaPaEBR _cCaPaEBR |
||
| 035 | _a(OCoLC)709778577 | ||
| 043 | _an-us--- | ||
| 050 | 1 | 4 |
_aJK1021 _b.U83 2010eb |
| 082 | 0 | 4 |
_a328.73092/2 _222 |
| 245 | 0 | 0 |
_aU.S. Congressional membership diversity _h[electronic resource] / _cJohn Paul Navarro, editor. |
| 246 | 3 | _aUnited States Congressional membership diversity | |
| 260 |
_aNew York : _bNova Science Publishers, _cc2010. |
||
| 300 |
_aix, 188 p. : _bill. |
||
| 490 | 1 | _aCongressional policies, practices and procedures | |
| 504 | _aIncludes bibliographical references (p. [183]) and index. | ||
| 533 |
_aElectronic reproduction. _bPalo Alto, Calif. : _cebrary, _d2013. _nAvailable via World Wide Web. _nAccess may be limited to ebrary affiliated libraries. |
||
| 610 | 1 | 0 |
_aUnited States. _bCongress _xMembership. |
| 650 | 0 |
_aMinority legislators _zUnited States. |
|
| 650 | 0 |
_aCultural diversity _zUnited States. |
|
| 655 | 7 |
_aElectronic books. _2local |
|
| 700 | 1 | _aNavarro, John Paul. | |
| 710 | 2 | _aebrary, Inc. | |
| 830 | 0 | _aCongressional policies, practices and procedures series. | |
| 856 | 4 | 0 |
_uhttp://site.ebrary.com/lib/rucke/Doc?id=10675193 _zAn electronic book accessible through the World Wide Web; click to view |
| 999 |
_c164206 _d164206 |
||